Datum a čas kvízu

35.5 Celkem bodů Celkový počet nahraných bodů na tomto kvízu bez doplňovacích otázek.
5. Pořadí na kvízu Konečné umístění týmu na tomto kvízu.

Zaznamenané odpovědi

# Otázka Odpověď Body Výsledky
1. Ministr průmyslu a obchodu Kar... Ministerstvo hospodářství 1
2. Obyvatelé Kirkwallu na skotské... B 1
3. V neděli vyvrcholil jeden z ne... Justin Bieber 1
4. Minulý týden oznámil jistý dis... Lidl 0
5. Poprvé v historii se v NHL pod... D) Získali v základní části 100 kanadských bodů. 1
6. Vítězné téma FB hlasování zahá... Luděk Marold, bitva u Lipan 1
7. Přiřaďte jednotlivá města k je... 1B 2D 3A 4C 1
8. „Co až budeme nahoře, to teprv... Homolka a tobolka; Marie Motlová 0
9. Panorama je služba webové strá... Dlouhé stráně 1
10. Na závěr si dáme noční pohled... Řím 1